000 00410nam a22001217a 4500
999 _c226
_d226
005 20200811100309.0
008 200810b ||||| |||| 00| 0 eng d
020 _a0582646561
040 _cCML
245 _aEconomy and Society in Pre-Industrial South Africa.
_cMarks S. & Atmore A.
260 _aUnited States of America
_bLongman Group Ltd.
_c1980
942 _2ddc
_cBK
_e1st Edition
_h309.168
_kECO